|
|
|
|
| LEADER |
01103nam a2200265 a 4500 |
| 001 |
GR-Antirio1150 |
| 008 |
150330s2001 xxu g b 001 0 eng d |
| 020 |
|
|
|a 0130882623
|
| 040 |
|
|
|a GrPaTEI
|b gre
|c GR-PaULI
|
| 040 |
|
|
|a GrPaTEI
|b gre
|c GR-PaULI
|
| 082 |
|
0 |
|a 005.71
|2 22
|
| 100 |
1 |
|
|a Panko, R. R.
|
| 245 |
1 |
0 |
|a Business data communications and networking /
|c Raymond r. Panko.
|
| 250 |
|
|
|a 3rd ed.
|
| 260 |
|
|
|a New Jersey :
|b Prentice Hall,
|c 2001
|
| 300 |
|
|
|a xxv, 438 σ. :
|b εικ.
|
| 504 |
|
|
|a Περιλαμβάνει βιβλιογραφίες και ευρετήριο.
|
| 650 |
|
0 |
|a Business enterprises
|x Computer networks
|
| 650 |
|
0 |
|a Computer networks
|x Management
|
| 650 |
|
0 |
|a Data transmission systems
|
| 650 |
|
4 |
|a Συστήματα μετάδοσης δεδομένων
|
| 942 |
|
|
|2 ddc
|
| 952 |
|
|
|0 0
|1 0
|2 ddc
|4 0
|6 005_710000000000000_PAN
|7 0
|9 263089
|a LISK-2
|b LISK-2
|c BSC
|d 2021-01-17
|e 24
|f 0
|g 0.00
|l 0
|o 005.71 PAN
|p 2430000008731
|r 2021-01-17 00:00:00
|t 1
|w 2021-01-17
|y BK15
|x 20150330 0 ΧΑΣΑΝΗ 1
|x GrPaTEI - Antirrio
|
| 971 |
|
|
|a .b25709495
|b 16-04-20
|c 12-09-16
|
| 999 |
|
|
|c 151475
|d 151475
|